000 00397nam a22001457a 4500
003 SGT
082 _a617.3
_bI24S
100 _aSHARMA, KAJAL
245 _aIMPACT OF PELVIC PNF AND STABILIZATION EXERCISES ON BALANCE, FALL RISK, POSTURE AND PAIN IN POST PARTUM WOMEN
260 _aGURUGRAM
_bSGT UNIVERSITY
_c2024
300 _a123
650 _aORTHOPEDICS
653 _aMPT
942 _2ddc
_cTH
999 _c32223
_d32223